000
00295nam a2200109Ia 4500
008
220204s9999 xx 000 0 und d
082
_a
82-3
_b
BLY
100
_a
Hitchcock, Alfred
245
4
_a
The three investigators in the secret of terror castle
260
_a
London
_b
Armada
_c
1978
942
_c
BK
999
_c
32709
_d
32709